Southville International School and Colleges
Your cart is empty.
  • Cart
  • Lists
    Public lists Eva Luna New books Lux_list list_1
    Your lists Log in to create your own lists
  • Log in to your account
  • Your cookies
  • Search history
Southville International School and Colleges
  • Advanced search
  • Recent comments
  • Most popular
  • Libraries

Log in to your account

Log in with GOOGLE


If you do not have an external account, but do have a local account, you can still log in:

  1. Home
  2. MARC view: The Goose that laid Golden Eggs :
Normal view MARC view ISBD view

The Goose that laid Golden Eggs : (Record no. 106191)

[ view plain ]
MARC details
000 -LEADER
fixed length control field 00517nam a2200181 a 4500
005 - DATE AND TIME OF LATEST TRANSACTION
control field 20140412111425.0
008 - FIXED-LENGTH DATA ELEMENTS--GENERAL INFORMATION
fixed length control field 080205s19uu xx 00 eng d
020 ## - INTERNATIONAL STANDARD BOOK NUMBER
International Standard Book Number 971-518-112-9
050 ## - LIBRARY OF CONGRESS CALL NUMBER
Classification number Fil E
Item number Go59 2006
100 ## - MAIN ENTRY--PERSONAL NAME
Personal name Pastor, Boots
245 ## - TITLE STATEMENT
Title The Goose that laid Golden Eggs :
Remainder of title Ang Gansa na nangingitlog ng ginto /
Statement of responsibility, etc Boots Pastor.
260 ## - PUBLICATION, DISTRIBUTION, ETC. (IMPRINT)
Place of publication, distribution, etc Philippines :
Name of publisher, distributor, etc Lampara,
Date of publication, distribution, etc 2006.
300 ## - PHYSICAL DESCRIPTION
Extent 16p.
440 ## - SERIES STATEMENT/ADDED ENTRY--TITLE
Title Stories with Moral Lessons
650 ## - SUBJECT ADDED ENTRY--TOPICAL TERM
Topical term or geographic name as entry element Impatient
650 ## - SUBJECT ADDED ENTRY--TOPICAL TERM
Topical term or geographic name as entry element Greed
Holdings
Withdrawn status Lost status Damaged status Home library Current library Shelving location Date acquired Source of acquisition Total Checkouts Full call number Barcode Date last seen Price effective from Koha item type
      Elizalde Library Elizalde Library Filipiniana Section 02/05/2008     Fil E Go59 2006 E11399 04/12/2014 04/12/2014 Books

The Goose that laid Golden Eggs :

APA

Pastor B., . (2006). The Goose that laid Golden Eggs. Philippines: Lampara.

Chicago

Pastor Boots, . 2006. The Goose that laid Golden Eggs. Philippines: Lampara.

Harvard

Pastor B., . (2006). The Goose that laid Golden Eggs. Philippines: Lampara.

MLA

Pastor Boots, . The Goose that laid Golden Eggs. Philippines: Lampara. 2006.

  • Place hold
  • Print
  • Cite
  • Add to your cart (remove)
  • Save record
    BIBTEX Dublin Core MARCXML MARC (non-Unicode/MARC-8) MARC (Unicode/UTF-8) MARC (Unicode/UTF-8, Standard) MODS (XML) RIS
  • More searches
    Search for this title in:
    Other Libraries (WorldCat) Other Databases (Google Scholar) Online Stores (Bookfinder.com) Open Library (openlibrary.org)

Exporting to Dublin Core...

SOUTHVILLE LIBRARY

Southville International School and Colleges Library

1281 Tropical Ave. Cor. Luxembourg St., BF Homes International, Las Pinas City

Tel. No. 8256374 / 252358 Loc. 117/146

Powered by Koha